00588nam a22002057a 4500003000400000005001700004008004100021020001500062020001500077040002100092050002100113100002200134245007600156250000600232260003900238300003500277500001800312650002700330700002500357OSt20210728083950.0210728b ||||| |||| 00| 0 eng d a0801627311 a0801627303 cALUPE UNIVERSITY aRC440b.C87 1978 aCarol Ren Kneisl; aCurrent perspectives in psychiatric nursing : issues and trends. Vol. 2 a- aSaint Louis :bMosby, cop. c1978. aXII, 214 pgs. ; billsc25 cm. aindex present a Psychiatric nursing.  a Holly Skodol Wilson